00610cam a22002051 4500001001300000003000400013005001700017008004100034010001700075035001900092040003300111050001600144100002200160245004800182260003900230300002600269600005100295600004300346999001500389af 49000689 DLC20260227110916.0800128s1943 gw 000 0 ger c aaf 49000689  a(OCoLC)5919796 aYale Univ. LibrarycNcUdDLC00aPQ4416b.G61 aGlässer, Edgar.10aDantes Pietas in der Wertwelt der Commedia. aHalle (Saale)bM. Niemeyer,c1943. a70 p.bfront.c24 cm.00aDante Alighieri,d1265-1321.tDivina commedia.00aDante Alighieri,d1265-1321xReligion. c6697d6697